000 00404nam a2200157Ia 4500
003 Ost
005 20260225132542.0
008 260225s9999||||xx |||||||||||||| ||und||
040 _cfsic
041 _afre
082 _a323.21
100 _aAleksandar Grlickov
_eAuteur
245 0 _aLe non-alignement et le socialisme entant que processus mondial /
245 0 _cAleksandar Grlickov
942 _cكتاب
999 _c33564
_d33564